Sistema de evaluación y control para las agencias regionales del sector eléctrico del I.C.E.

Shranjeno v:
Bibliografske podrobnosti
Glavni avtor: Aguilar R, Jorge
Drugi avtorji: Castillo R, Roberto, Protti Q, Aldo
Format: Knjiga
Izdano: [San José , Costa Rica] 1986
Oznake: Označite
Brez oznak, prvi označite!

MARC

LEADER 00000nam a2200000Ia 4500
003 004006
005 20221231144356.0
008 140114s1986 cr a m 000 ||s d
040 |c cru CEDI 
090 |a TFG 1809 
100 |a Aguilar R, Jorge  |9 14242 
245 |a Sistema de evaluación y control para las agencias regionales del sector eléctrico del I.C.E. 
260 |c 1986  |a [San José , Costa Rica] 
300 |a 197 hojas algunas plegables: ilustraciones  
500 |a Proyecto de graduación (bachiller en ingeniería industrial)--Universidad de Costa Rica. Facultad de Ingeniería. Escuela de Ingeniería Industrial 
700 |9 11764  |a Castillo R, Roberto 
700 |a Protti Q, Aldo   |9 14243 
942 |c TFG 
999 |c 20955  |d 20955